[Event "Tehran Universities-ch"]
[Site "Tehran"]
[Date "2020.12.01"]
[Round "6"]
[White "Bashiri, Aryan"]
[Black "Karampour, Amir"]
[Result "0-1"]
[WhiteElo "2159"]
[BlackElo "1646"]
[PlyCount "114"]
[EventDate "2020.11.30"]
[EventType "swiss (rapid)"]
[EventRounds "7"]
[EventCountry "IRI"]
[SourceTitle "CBM 199 Extra"]
[Source "ChessBase"]
[SourceDate "2021.01.31"]
[SourceVersion "1"]
[SourceVersionDate "2021.01.31"]
[SourceQuality "1"]

1. d4 d5 2. Nf3 Nf6 3. c4 e6 4. g3 Be7 5. Bg2 0-0 6. 0-0 dxc4 7. Qa4 a6 8. Qxc4 b5 9. Qd3 Bb7 10. Nc3 Nbd7 11. Be3 Qb8 12. a3 c5 13. Rac1 Rd8 14. Qb1 b4 15. axb4 cxb4 16. Na4 Be4 17. Qa1 h6 18. b3 Qb5 19. Rfe1 Nd5 20. Bd2 a5 21. Nh4 Bxg2 22. Nxg2 N5b6 23. e4 Nxa4 24. bxa4 Qb7 25. Qa2 Nb6 26. Be3 Qxe4 27. Rc7 Nd5 28. Rc4 Nc3 29. Qb3 Qd3 30. Kh1 Rdc8 31. Rxc8+ Rxc8 32. Rc1 Qf5 33. Rc2 Bf6 34. Kg1 Qd3 35. Rb2 Ne2+ 36. Kh1 Rc3 37. Qa2 Qd1+ 38. Ne1 Qxe1+ 39. Kg2 Nxd4 40. Rd2 Nf5 41. Bb6 Qe4+ 42. Kh3 Nd4 43. Qb2 Qf5+ 44. Kg2 Qd5+ 45. Kh3 Qf5+ 46. Kg2 Qf3+ 47. Kg1 Nc6 48. Qb1 g6 49. Be3 Kg7 50. Rd7 Rxe3 51. fxe3 Qxe3+ 52. Kg2 Ne5 53. Rc7 Qe2+ 54. Kh3 g5 55. Rxf7+ Kxf7 56. Qh7+ Bg7 57. Qe4 Qxe4 0-1

[Event "Rasht op"]
[Site "Rasht"]
[Date "2015.08.18"]
[Round "7"]
[White "Sedaghati, Mehrdad"]
[Black "Bashiri, Aryan"]
[Result "1-0"]
[WhiteElo "2230"]
[BlackElo "2036"]
[PlyCount "99"]
[EventDate "2015.08.14"]
[EventType "swiss"]
[EventRounds "11"]
[EventCountry "IRI"]
[SourceTitle "EXT 2016"]
[Source "ChessBase"]
[SourceDate "2015.10.08"]
[SourceVersion "1"]
[SourceVersionDate "2015.10.08"]
[SourceQuality "1"]

1. e4 e6 2. d4 d5 3. Nd2 c5 4. Ngf3 cxd4 5. exd5 Qxd5 6. Bc4 Qd6 7. 0-0 Nf6 8. Nb3 Nc6 9. Nbxd4 Nxd4 10. Nxd4 a6 11. c3 Qc7 12. Qe2 Bd6 13. h3 0-0 14. Bg5 Nd7 15. Rad1 Ne5 16. Bb3 b5 17. Rd2 h6 18. Be3 Bb7 19. Rfd1 Nc4 20. Bxc4 bxc4 21. Qh5 Rad8 22. Nf3 Rfe8 23. Rd4 Bxf3 24. Qxf3 Be5 25. Rxd8 Rxd8 26. Rxd8+ Qxd8 27. g3 Qd5 28. Kg2 f5 29. Bd4 Bxd4 30. Qxd5 exd5 31. cxd4 Kf7 32. Kf3 Kf6 33. Ke3 Ke6 34. Kd2 h5 35. Ke3 Kf6 36. Kf3 Ke6 37. Kf4 Kf6 38. h4 a5 39. a4 g6 40. f3 g5+ 41. hxg5+ Kg6 42. Ke5 Kxg5 43. Kxd5 f4 44. gxf4+ Kf5 45. Kc6 h4 46. d5 h3 47. d6 h2 48. d7 h1Q 49. d8Q Qc1 50. Qg5+ 1-0